Statistiques concernant Culture Générale - Série 1004

Cliquez ici pour prendre le quiz!

Statistiques générales

  • Ce quiz a été pris 112 fois
  • Le résultat moyen est 5 sur 10

Statistiques - réponses

QuestionRéponse% Correct
Quel même pays, les équipes surnommées "All Whites" en football et "All blacks" en rugby représentent-elles ?Nouvelle-Zélande
92%
Que sont le fox-hound et le fox-terrier ?chiens
91%
En 1934, d'après les "Contes" de Marcel Aymé, quel animal est perché ?chat
80%
A quel compositeur doit-on l'opéra "Carmen" en 1875 ?Georges Bizet
68%
Quel diplomate italien au service du pape est remarqué par Richelieu, qui le fait nommer cardinal en 1641 ?Mazarin
51%
Comment nomme-t-on la galette de pain, parfois au fromage, cuite dans un four tandoor, typique du nord de l'Inde ?naan
46%
En 1924, quel courant littéraire réunit Paul Eluard, Louis Aragon et André Breton ?surréalisme
46%
Quel mot désigne à la fois une parole maladroite, et une perche munie d'un croc utilisée dans les bateaux ?gaffe
33%
Dans quel sport Jean-Luc Rougé est-il devenu le premier Français champion du monde, en 1975 ?judo
32%
Quel est le surnom de l'équipe nationale de football australienne ?Socceroos
8%

Distribution des résultats

Percentile par nombre de réponses

% des personnes avec chaque résultat

Votre développement - résultats

Vous n’avez pas pris ce quiz